Statistics for Rivers of The United States Quiz

Click here to take the quiz!

General Stats

  • This quiz has been taken 21,075 times
  • The average score is 11 of 31

Answers on the Map

Answers color-coded by a green-red scale on the quiz's map according to % correct below.
Loading ...
 

Answer Stats

Answer% Correct
Mississippi
99%
Colorado
87%
Missouri
87%
Rio Grande
85%
Ohio
74%
Hudson
73%
Potomac
54%
Arkansas
49%
Columbia
48%
Red
45%
Yukon
45%
Tennessee
44%
Snake
42%
Delaware
37%
Mobile / Alabama /
Coosa
29%
Platte
24%
Connecticut
22%
Sacramento
21%
Green
16%
Savannah
16%
Susquehanna
16%
Yellowstone
15%
Willamette
14%
Wabash
14%
Chattahoochee
13%
Gila
13%
Pecos
12%
Cumberland
11%
James
8%
St. John
6%
Klamath
6%

Score Distribution

Percentile by Number Answered

Percent of People with Each Score

Your Score History

You have not taken this quiz